000 00844nam a2200229Ia 4500
003 OSt
005 20220923212339.0
006 a|||||r|||| 00| 0
007 ta
008 220922b |||||||| |||| 00| 0 hin d
024 _a152,298
037 _cTextual
040 _aARTS
_cARTS
_bhin
041 _2hin
_ahin
082 _aO111973,3x(Y15), 152N9
245 0 _aअमरीकी नेख्किाएंः आघुनिक कहनियॉ, अनु व संपा अरूणा सीतेशॅ
246 _aAmarīkī nekhkiāeanah āghunik kahaniyaॉ, anu0 v sanpā0 arūṇā sīteshaॅ
260 _aनई दिल्ली
_b भारतीय प्रकाशन
_c1999
300 _a279 पृ.
_ccm.
942 _hO111973,3x(Y15), 152N9
_cTEXL
_2CC
999 _c307947
_d307947